000 00798nam a22002777a 4500
001 9456
003 FISKH
005 20260428100352.0
008 260113b cb ||||| |||| 00| 0 eng d
020 _a9780462004716
040 _aFISKH
_beng
_cFISKH
_dFISKH
050 _aPZ7
082 _a813
100 _aBrown , Cashla
245 _aSam /
_cWritten by Cushla . Photographed by Vinnie Riesck
250 _aFirst published 2008
260 _aLondon :
_bMashall Cavendish Limited ,
_c2008.
300 _a16 pages :
_bcolor illustrations ;
_c16 X 19 cm .
490 _aMy Pals Are Here ! Reading Stars
505 _aD
521 8 _a160
_bLexile estimate
521 8 _aD
_bRaz-Plus
700 _aRicesck, Vinnie
_eIllustrator
942 _2ddc
_cBK
_n0
999 _c9456
_d9456